[Event "New York State-ch 138th"]
[Site "Colonie"]
[Date "2016.09.04"]
[Round "4"]
[White "Wansor, Austin C"]
[Black "McManus, John R"]
[Result "0-1"]
[WhiteElo "1493"]
[BlackElo "1567"]
[PlyCount "86"]
[EventDate "2016.09.02"]
[EventType "swiss"]
[EventRounds "6"]
[EventCountry "USA"]
[SourceTitle "CBM 174 Extra"]
[Source "ChessBase"]
[SourceDate "2016.10.10"]
[SourceVersion "1"]
[SourceVersionDate "2016.10.10"]
[SourceQuality "1"]

1. d4 d5 2. c4 c6 3. Bg5 h6 4. Bh4 Bf5 5. Nc3 Nf6 6. Bxf6 gxf6 7. cxd5 cxd5 8. Qb3 e6 9. Qxb7 Nd7 10. e3 Rb8 11. Qxa7 Rxb2 12. Rc1 Bb4 13. Nge2 0-0 14. a3 Ba5 15. g3 Be4 16. Rg1 Bf3 17. g4 Nb8 18. Rg3 Be4 19. f4 Bd3 20. Kf2 Nc6 21. Qc5 Qd7 22. a4 Bb4 23. Qb6 Rb8 24. Qxb8+ Nxb8 25. Nb5 Bxb5 26. axb5 Be7 27. Kf3 Rxb5 28. Nc3 Rb7 29. h4 Rc7 30. g5 Kh7 31. gxh6 f5 32. Bb5 Qd8 33. Rcg1 Bf6 34. Ne2 Nd7 35. Nc1 Kxh6 36. Rg8 Nf8 37. Nd3 Qd6 38. Ne5 Bxe5 39. fxe5 Qe7 40. R1g5 Ng6 41. Kg3 Rc1 42. R8xg6+ fxg6 43. Kf4 Rh1 0-1